Movies Quiz

Random Movies or Star Wars Quiz

Star Wars Ship Types Quiz Stats

Quiz not verified by Sporcle

Challenge
Share
Tweet
Embed
Score 0/13 Timer 03:00
0 Plays Today
% Correct
X-Wing
97.5%
TIE Fighter
91.4%
TIE Bomber
88.9%
Y-Wing
81.5%
Mon Calamari Cruiser
81.5%
Star Destroyer
77.8%
YT-1300
69.1%
A-Wing
65.4%
Rebel Blockade Runner
64.2%
Hammerhead Cruiser
58%
U-Wing
53.1%
Nebulon B Frigate
48.1%
B-Wing
44.4%

You're not logged in!

Compare scores with friends on all Sporcle quizzes.
Sign Up with Email
OR
Log In

You Might Also Like...

Show Comments

Extras

Top Quizzes Today


Score Distribution

Your Account Isn't Verified!

In order to create a playlist on Sporcle, you need to verify the email address you used during registration. Go to your Sporcle Settings to finish the process.

Report this User

Report this user for behavior that violates our Community Guidelines.

Details: